Základy školskej pedagogiky

Bibliographic Details
Main Authors: Višňovský, Ľudovít, 1939- (Author, Editor), Kačáni, Vladislav, 1933-2007 (Author, Editor)
Format: Book
Language:Slovak
PhysicalDescription:227 strán schémy 21 cm
Published: Bratislava Iris 2001
ISBN:8089018254
Edition:1. doplnené a upravené vyd.
Subjects:

MARC

LEADER 00000cam a2200000 a 4500
001 vtls001435851
003 SK-MaSNL
005 20260301150024.0
008 210701s2001 xo l frnp 00000 slo
015 |a SNBA2002/09-02952 
020 |a 8089018254  |q (viazané) 
035 |a SNK000390942 
035 |a urn:nbn:sk:snk-am3irt9 
035 |a CED21E6E-9E8F-4961-AE8D-4A81D116B191 
035 |a urn:nbn:sk:snk-am00fffb 
040 |a SNK  |b slo  |c SNK  |e AACR2 
041 0 |a slo 
044 |a xo  |c SK 
072 7 |a 37  |x Výchova a vzdelávanie  |2 konspekt 
072 7 |a 37.016  |x Učebné osnovy. Vyučovacie predmety. Učebnice  |2 konspekt 
080 |a 371(035)  |2 1981 
080 |a 37.013:373/378  |2 2011 
080 |a (075.8)  |2 2011 
080 |a 37.013.77  |2 2011 
080 |a 37.018.8  |2 2011 
080 |a 37.01  |2 2011 
100 1 |a Višňovský, Ľudovít,  |d 1939-  |4 aut  |4 edt  |9 106819 
245 1 0 |a Základy školskej pedagogiky  |c Ľudovít Višňovský, Vladislav Kačáni a kolektív 
250 |a 1. doplnené a upravené vyd. 
260 |a Bratislava  |b Iris  |c 2001 
300 |a 227 strán  |b schémy  |c 21 cm 
504 |a Bibliografia na strane 221-227 
650 0 7 |a školská pedagogika  |2 SNKPH  |9 75209 
650 0 7 |a pedagogická diagnostika  |2 SNKPH  |9 4068 
650 0 7 |a vyučovanie  |2 SNKPH  |9 1522 
650 0 7 |a teória výchovy  |2 SNKPH  |9 27783 
655 7 |a učebnice vysokých škôl  |2 SNKPH  |9 70191 
700 1 |a Kačáni, Vladislav,  |d 1933-2007  |4 aut  |4 edt  |9 106818 
919 |a 80-89018-25-4 
958 |a OND 
958 |a TL 
958 |a NB 
958 |a UC 
958 |a SP 
999 |c 782165  |d 784095 
952 |t P60, <03>, [BOOK], {603}  |a SNK  |b SNK  |y PREZ  |7 0  |p 17A0347641  |o snkSC 108289  |i snkKSP 7335/2002  |0 0  |1 0  |4 0  |d 2002-06-11  |f 1  |l 0  |r 2025-09-29 00:00:00  |w 2026-02-24 
952 |a SNK  |b SNK  |y VYP  |7 0  |p 17A0347642  |o snkSC 108289 D1  |i snkKSP 7336/2002  |0 0  |1 0  |4 0  |d 2002-06-11  |l 0  |r 2005-01-02 00:00:00  |w 2026-02-24 
952 |t snkZAK 37  |a SNKUST  |b SNKUST  |y PREZ  |7 0  |p 17A0510324  |o snkSC 108289 D2  |i snk2006/18431  |8 3  |g 5.97  |0 0  |1 0  |4 0  |d 2006-09-21  |l 0  |r 2025-04-29 00:00:00  |w 2026-02-24